书目信息 |
| 题名: |
谚语
|
|
| 作者: | 丰滔 编 | |
| 分册: | ||
| 出版信息: | 长春 吉林摄影出版社 2003 |
|
| 页数: | 220页 | |
| 开本: | 19cm | |
| 丛书名: | 中国传统文化经典文库 | |
| 单 册: | ||
| 中图分类: | I276.7 , Z1 | |
| 科图分类: | ||
| 主题词: | 谚语--中国--古代--汇编 , 丛书 | |
| 电子资源: | ||
| ISBN: | 7-80606-672-1 | |
| 000 | 00783oam2 2200277 450 | |
| 001 | 1531794637 | |
| 005 | 20151111091031.65 | |
| 010 | @a7-80606-672-1@dCNY10.00 | |
| 100 | @a20031105d2003 em y0chiy50 ea | |
| 101 | 0 | @achi |
| 102 | @aCN@b220000 | |
| 105 | @aa z 000yy | |
| 200 | 1 | @a谚语@9yan yu@e珍藏版@f丰滔编 |
| 210 | @a长春@c吉林摄影出版社@d2003 | |
| 215 | @a220页@c插图@d19cm | |
| 225 | 2 | @a中国传统文化经典文库@e双色图文经典 |
| 308 | @a丛书第四辑 | |
| 330 | @a该书从传世的文史典籍中搜集整理古代谚语,并加以必要的注释和例句。 | |
| 461 | 0 | @12001 @a中国传统文化经典文库 |
| 606 | 0 | @a谚语@y中国@z古代@j汇编 |
| 606 | 0 | @a丛书 |
| 690 | @aI276.7@v5 | |
| 690 | @aZ1@v4 | |
| 701 | 0 | @a丰滔@9feng tao@4编 |
| 801 | 0 | @aCN@bTSSF@c20150123 |
| 905 | @aZUCC@dZ1@eJY79 | |
| 谚语:珍藏版/丰滔编.-长春:吉林摄影出版社,2003 |
| 220页:插图;19cm.-(中国传统文化经典文库:双色图文经典) |
| ISBN 7-80606-672-1:CNY10.00 |
| 该书从传世的文史典籍中搜集整理古代谚语,并加以必要的注释和例句。 |
| ● |
| 相关链接 |
|
|
|
|
正题名:谚语
索取号:Z1/JY79
 
预约/预借
| 序号 | 登录号 | 条形码 | 馆藏地/架位号 | 状态 | 备注 |
| 1 | 7839589 | 278395899 | 学院路分馆/ [索取号:Z1/JY79] | 在馆 | |
| 2 | 7839590 | 278395906 | 学院路分馆/ [索取号:Z1/JY79] | 在馆 | |
| 3 | 7840711 | 278407118 | 学院路分馆/ [索取号:Z1/JY79] | 在馆 | |
| 4 | 7840712 | 278407127 | 学院路分馆/ [索取号:Z1/JY79] | 在馆 |